MOST POPULAR BOY NAMES IN ENGLAND AND WALES IN 1900 - Statistics

General Stats
  • This quiz has been taken 261 times
  • The average score is 46 of 100
Answer Stats
Rank Answer % Correct
5 James
96%
2 John
95%
1 William
92%
3 George
90%
13 Henry
90%
59 Peter
88%
8 Charles
87%
17 Edward
87%
26 David
86%
4 Thomas
86%
75 Andrew
84%
15 Harry
83%
21 Richard
82%
10 Robert
81%
71 Michael
80%
30 Fred
79%
53 Daniel
76%
9 Albert
75%
43 Jack
74%
11 Joseph
74%
76 Matthew
74%
57 Stephen
74%
93 Mark
73%
90 Oliver
73%
60 Christopher
69%
19 Frank
69%
44 Alexander
68%
6 Arthur
68%
54 Donald
68%
65 Ronald
68%
16 Harold
67%
40 Benjamin
66%
7 Frederick
64%
12 Alfred
63%
48 Philip
62%
25 Samuel
62%
80 Louis
58%
28 Francis
57%
39 Victor
55%
82 Kenneth
54%
18 Walter
54%
92 Alan
53%
66 Isaac
52%
70 Lawrence
51%
73 Patrick
51%
24 Leonard
50%
47 Eric
48%
61 Hugh
45%
62 Lewis
45%
41 Tom
44%
86 Abraham
40%
99 Charlie
40%
72 Edmund
38%
38 Edwin
38%
88 Owen
38%
89 Raymond
37%
56 Archibald
36%
63 Douglas
36%
37 Norman
36%
20 Herbert
35%
85 Gerald
34%
77 Evan
33%
45 Edgar
32%
52 Bernard
31%
14 Ernest
31%
83 Gordon
31%
29 Stanley
31%
87 Geoffrey
30%
23 Percy
27%
22 Reginald
27%
68 Maurice
26%
81 Arnold
23%
100 Howard
23%
32 Horace
21%
55 Ralph
21%
34 Wilfred
21%
67 Hubert
20%
97 Lionel
19%
96 Roland
19%
69 Clarence
18%
94 Jesse
18%
36 Leslie
18%
33 Cyril
16%
27 Sidney
16%
35 Sydney
16%
31 Cecil
15%
42 Hector
15%
95 Reuben
15%
64 Gilbert
14%
98 Alec
13%
46 Bertie
13%
49 Clifford
13%
74 Percival
13%
58 Willie
13%
84 Ivor
12%
79 Bertram
10%
91 Claude
10%
78 Wilfrid
10%
51 Baden
3%
50 Redvers
3%
No matching quizzes found
Score Distribution
Percent of People with Each Score
Percentile by Number Answered
Your Score History
You have not taken this quiz